[Event "FRA-ch U18"]
[White "Lacour, Cedric"]
[Black "Favarel, Antoine"]
[Site "Le Grand Bornand"]
[Round "7"]
[Result "0-1"]
[Date "2007.04.13"]
[WhiteElo "1906"]
[BlackElo "2046"]
[PlyCount "78"]
[EventDate "2007.04.07"]
[EventType "swiss"]
[EventRounds "9"]
[EventCountry "FRA"]
[SourceTitle "CBM 118 Extra"]
[Source "ChessBase"]
[SourceDate "2007.07.04"]
[SourceVersion "1"]
[SourceVersionDate "2007.07.04"]
[SourceQuality "1"]

1. e4 c5 2. Nf3 Nc6 3. Bb5 g6 4. Bxc6 dxc6 5. h3 Bg7 6. d3 Nf6 7. 0-0 0-0 8. c3 Qc7 9. Be3 b6 10. a4 a5 11. Qc2 e5 12. d4 exd4 13. cxd4 Ba6 14. Re1 cxd4 15. Bxd4 Rad8 16. Nbd2 c5 17. Bc3 Rfe8 18. Bxf6 Bxf6 19. Nc4 Bxc4 20. Qxc4 Bxb2 21. Rab1 Bg7 22. Rb5 h6 23. Reb1 Re6 24. e5 Bxe5 25. Nxe5 Qxe5 26. Qh4 Red6 27. Qg3 Rd1+ 28. Kh2 Qxg3+ 29. Kxg3 R8d3+ 30. f3 Rxb1 31. Rxb1 Rd6 32. Kf4 Kf8 33. Ke4 Ke7 34. Rb3 Rd4+ 35. Ke3 Rb4 36. Ra3 Kd6 37. Ra1 Rb3+ 38. Ke2 Rb2+ 39. Kf1 c4 0-1

[Event "FRA-ch U16"]
[White "Guerpillon, Louis"]
[Black "Lacour, Cedric"]
[Site "Calvi"]
[Round "1"]
[Result "0-1"]
[Date "2005.04.17"]
[WhiteElo "2063"]
[BlackElo "1860"]
[PlyCount "57"]
[EventDate "2005.04.??"]
[EventType "swiss"]
[EventRounds "9"]
[EventCountry "FRA"]
[SourceTitle "EXT 2006"]
[Source "ChessBase"]
[SourceDate "2005.11.24"]
[SourceVersion "1"]
[SourceVersionDate "2005.11.24"]
[SourceQuality "1"]

1. e4 c5 2. Nf3 Nc6 3. d4 cxd4 4. Nxd4 Nf6 5. Nc3 e5 6. Ndb5 d6 7. Be3 a6 8. Na3 b5 9. Nd5 Nxd5 10. exd5 Ne7 11. c4 Nf5 12. Bc1 bxc4 13. Nxc4 Bd7 14. Bd3 Nh4 15. 0-0 Be7 16. f4 Bb5 17. a4 Bxc4 18. Bxc4 Qb6+ 19. Kh1 exf4 20. Bxf4 Qxb2 21. Ra2 Qb4 22. Qd3 Ng6 23. Bd2 Qc5 24. Bxa6 0-0 25. Bb5 Ne5 26. Qb3 Ng4 27. Bb4 Qd4 28. Rd2 Qe5 29. Re2 0-1